Phép tính vi phân và tích phân

Kaydedildi:
Detaylı Bibliyografya
Materyal Türü: Kitap
Etiketler: Etiketle
Etiket eklenmemiş, İlk siz ekleyin!
Thư viện lưu trữ: Mạng thư viện Đại học Đà Nẵng
LEADER 00688nam a2200205 4500
001 000013047
003 9380
005 20150812150813.0
008 120306s sd
245 0 0 |a Phép tính vi phân và tích phân 
774 |d H.  |d Đại học Sư Phạm  |d 1995  |g Tập 1  |h 210 tr.  |t giải tích I, II  |w 9381 
774 |d H.  |d Đại học Sư Phạm  |d 1995  |g Tập 2  |h 271 tr.  |o KD.000970, KD.000971, KD.000972, KD.000973, KD.000974  |t giải tích I, II  |w 9382 
OWN |a LSP 
999 |a From the UDN01 
TYP |a Monograph 
TYP |a Printed language 
980 |a Mạng thư viện Đại học Đà Nẵng